Gene Hackman Movies Quiz Stats

 Plays Quiz Updated Jan 28, 2020

Support Sporcle.
Go Orange.
Score 0/76 Timer 10:00
0 Plays Today
Year Movie % Correct
1978Superman
84.6%
1980Superman II
81.7%
1971The French Connection
65.6%
1986Hoosiers
64.8%
1987Superman IV: The Quest for Peace
59.4%
1992Unforgiven
54.7%
1974French Connection II
46.7%
1998Enemy of the State
44.4%
1995Crimson Tide
42.5%
1994Wyatt Earp
41.4%
2001The Royal Tenenbaums
34.3%
1993The Firm
34%
1998Antz
33.3%
1974The Conversation
32.3%
2001Behind Enemy Lines
32.2%
1967Bonnie and Clyde
31.7%
1988Mississippi Burning
30.9%
2003Runaway Jury
30.6%
1996The Birdcage
28.4%
2000The Replacements
27.4%
1997Absolute Power
26.5%
2004Welcome to Mooseport
25.3%
1995The Quick and the Dead
24.6%
1974Young Frankenstein
24.4%
1972The Poseidon Adventure
24.2%
1987No Way Out
24.2%
1995Get Shorty
20.9%
1977A Bridge Too Far
18.5%
2001Heartbreakers
16.9%
2001Heist
16.8%
1996The Chamber
15.7%
1988Bat*21
14.9%
1973Scarecrow
14.1%
1983Uncommon Valor
13.5%
1989The Package
13.4%
1996Extreme Measures
12.9%
1981Reds
12.6%
1991Class Action
12.2%
Year Movie % Correct
1974Night Moves
11.6%
1990Narrow Margin
11%
1970I Never Sang for My Father
10.9%
1993Geronimo: An American Legend
10.8%
1998Twilight
10.7%
1990Loose Cannons
9.8%
1985Target
9.7%
1990Postcards from the Edge
9.4%
2000Under Suspicion
9.1%
1986Power
8.8%
1969Downhill Racer
8.7%
1969Marooned
8.7%
1966Hawaii
8.7%
1974Zandy's Bride
8.6%
1975Bite the Bullet
8.6%
1964Lilith
8.6%
1983Under Fire
8.5%
1972Prime Cut
7.7%
1977March or Die
7.7%
1983Eureka
7.6%
1988Another Woman
7.6%
1974Lucky Lady
7.5%
1991Company Business
7.1%
1968The Split
7.1%
1981All Night Long
7.1%
1985Twice in a Lifetime
6.9%
1969Riot
6.7%
1977The Domino Principle
6.6%
1969The Gypsy Moths
6.6%
1971The Hunting Party
6.4%
1972Cisco Pike
6.3%
1971Doctors' Wives
5.9%
1967Banning
5.8%
1988Split Decisions
5.7%
1988Full Moon in Blue Water
5.7%
1984Misunderstood
5.6%
1967First to Fight
5.5%
1967A Covenant with Death
4.7%

From the Vault

Band Names by Literal Images

by slipkid

Music 5m
Literal doesn't have the same pizzazz now that it doesn't mean anything.
Remove Ads.
Support Sporcle.
Get the best of Sporcle when you Go Orange. This ad-free experience offers more features, more stats, and more fun while also helping to support Sporcle. Thank you for becoming a member.

Show Comments

Extras

Top Quizzes Today


Score Distribution

Your Account Isn't Verified!

In order to create a playlist on Sporcle, you need to verify the email address you used during registration. Go to your Sporcle Settings to finish the process.

Report this User

Report this user for behavior that violates our Community Guidelines.

Details: